[Event "KAZ Cup Final (Women)"]
[Site "Almaty"]
[Date "2023.12.01"]
[Round "2.2"]
[White "Nurgaliyeva, Zarina"]
[Black "Kim, Kristina"]
[Result "1-0"]
[WhiteElo "2104"]
[BlackElo "1936"]
[PlyCount "79"]
[EventDate "2023.11.28"]
[EventType "k.o."]
[EventRounds "4"]
[EventCountry "KAZ"]
[SourceTitle "CB49_2023"]
[SourceDate "2023.12.06"]
[SourceVersion "1"]
[SourceVersionDate "2023.12.06"]
[SourceQuality "1"]

1. e4 d5 2. exd5 Qxd5 3. Nc3 Qd6 4. d4 Nf6 5. Nf3 a6 6. Be2 Bf5 7. Ne5 Nc6 8. Nxc6 Qxc6 9. Bf3 Qb6 10. Ne2 e6 11. c3 Be7 12. Ng3 Bg6 13. Qb3 Qxb3 14. axb3 c6 15. Bg5 0-0 16. Bxf6 gxf6 17. h4 h6 18. h5 Bh7 19. 0-0 Rfd8 20. Rfe1 Kg7 21. b4 f5 22. Nf1 Bd6 23. Nd2 Bg8 24. Nb3 Re8 25. Na5 Re7 26. Nxb7 Rxb7 27. Bxc6 Raa7 28. Bxb7 Rxb7 29. Rxa6 Bb8 30. Rc1 f6 31. c4 Rxb4 32. c5 Bf4 33. Rc2 Rxd4 34. g3 Bc7 35. c6 Rd8 36. b4 e5 37. Ra7 Rc8 38. b5 Kf8 39. Rxc7 Rxc7 40. b6 1-0

[Event "KAZ Cup Final (Women)"]
[Site "Almaty"]
[Date "2023.11.30"]
[Round "2.1"]
[White "Kim, Kristina"]
[Black "Nurgaliyeva, Zarina"]
[Result "0-1"]
[WhiteElo "1936"]
[BlackElo "2104"]
[PlyCount "120"]
[EventDate "2023.11.28"]
[EventType "k.o."]
[EventRounds "4"]
[EventCountry "KAZ"]
[SourceTitle "CB49_2023"]
[SourceDate "2023.12.06"]
[SourceVersion "1"]
[SourceVersionDate "2023.12.06"]
[SourceQuality "1"]

1. d4 Nf6 2. Nf3 d5 3. Bg5 c6 4. e3 Ne4 5. Bh4 Nd7 6. Nbd2 Ndf6 7. Bd3 Bg4 8. h3 Bh5 9. g4 Bg6 10. Ne5 Qa5 11. Bxf6 Nxf6 12. Nxg6 hxg6 13. c3 e6 14. b4 Qc7 15. b5 c5 16. Qa4 c4 17. Be2 Bd6 18. e4 Bf4 19. exd5 Bxd2+ 20. Kxd2 Qf4+ 21. Kc2 Qe4+ 22. Kd2 Qf4+ 23. Kc2 exd5 24. b6+ Kf8 25. f3 a6 26. Qb4+ Kg8 27. Rae1 Re8 28. Kd1 Re6 29. a4 Kh7 30. a5 Rhe8 31. Qb2 Nd7 32. h4 Kg8 33. h5 g5 34. Qc2 Nb8 35. Qf5 Qxf5 36. gxf5 Re3 37. Rhg1 f6 38. Kd2 Kf8 39. Rg2 Nc6 40. Ra1 Nd8 41. Rag1 Nf7 42. Rf1 Nh6 43. f4 g4 44. Rfg1 Nxf5 45. Bxg4 Rd3+ 46. Kc1 Rxc3+ 47. Kb2 Rb3+ 48. Ka2 Ne3 49. Rg3 Nxg4 50. Rxg4 Re2+ 51. Ka1 Reb2 52. R4g3 Rxg3 53. Rxg3 Rb5 54. Ra3 Kg8 55. Re3 Rxa5+ 56. Kb2 Rb5+ 57. Kc2 Rxb6 58. Re7 a5 59. Rc7 Rb5 60. f5 a4 0-1

[Event "Wch Blitz (Women)"]
[Site "Almaty"]
[Date "2022.12.29"]
[Round "1"]
[White "Kamalidenova, Meruert"]
[Black "Kim, Kristina"]
[Result "1-0"]
[WhiteElo "2285"]
[BlackElo "1869"]
[PlyCount "89"]
[EventDate "2022.12.29"]
[EventType "swiss (blitz)"]
[EventRounds "17"]
[EventCountry "KAZ"]
[SourceTitle "CBM 211 Extra"]
[Source "ChessBase"]
[SourceDate "2023.01.31"]
[SourceVersion "1"]
[SourceVersionDate "2023.01.31"]
[SourceQuality "1"]

1. e4 d5 2. exd5 Qxd5 3. Nc3 Qd6 4. d4 c6 5. Nf3 Bg4 6. Be2 e6 7. h3 Bxf3 8. Bxf3 Nf6 9. 0-0 Nbd7 10. a4 Nb6 11. a5 Nbd5 12. a6 b6 13. Ne2 Be7 14. c4 Nc7 15. Qa4 b5 16. cxb5 cxb5 17. Qb3 Nfd5 18. Nc3 Rb8 19. Bd2 0-0 20. Ne4 Qb6 21. Rfd1 Nxa6 22. Ba5 Qb7 23. Nc3 Nac7 24. Bxc7 Qxc7 25. Bxd5 exd5 26. Nxd5 Qd7 27. Re1 Bd6 28. Ra6 Rfe8 29. Rea1 b4 30. Ne3 Rb7 31. Qd3 Bb8 32. Rc1 Qb5 33. Qxb5 Rxb5 34. g3 g6 35. Kg2 Kg7 36. d5 Rd8 37. Rd1 Rc5 38. d6 Rb5 39. b3 Rb6 40. Rxb6 axb6 41. d7 b5 42. Rd5 Ba7 43. Nc2 Kf8 44. Nxb4 Bb6 45. Nc6 1-0

[Event "Wch Blitz (Women)"]
[Site "Almaty"]
[Date "2022.12.29"]
[Round "6"]
[White "Kim, Kristina"]
[Black "Druzhinina, Olga"]
[Result "0-1"]
[WhiteElo "1869"]
[BlackElo "2014"]
[PlyCount "96"]
[EventDate "2022.12.29"]
[EventType "swiss (blitz)"]
[EventRounds "17"]
[EventCountry "KAZ"]
[SourceTitle "CBM 211 Extra"]
[Source "ChessBase"]
[SourceDate "2023.01.31"]
[SourceVersion "1"]
[SourceVersionDate "2023.01.31"]
[SourceQuality "1"]

1. d4 Nf6 2. Bf4 g6 3. e3 Bg7 4. Nf3 d5 5. h3 0-0 6. c4 c5 7. Nc3 cxd4 8. Nxd4 Nc6 9. Nxc6 bxc6 10. cxd5 cxd5 11. Be5 e6 12. Be2 Nd7 13. Bxg7 Kxg7 14. Qd4+ Qf6 15. Rd1 Qxd4 16. Rxd4 Nc5 17. 0-0 Rb8 18. b4 Nd7 19. a3 Nb6 20. Rd2 Bb7 21. Rc1 Rfc8 22. Rdc2 Kf6 23. Nb5 Ba6 24. Nxa7 Rxc2 25. Rxc2 Bxe2 26. Rxe2 Nc4 27. Ra2 e5 28. Nc6 Ra8 29. a4 Ke6 30. Kf1 Kd6 31. b5 f5 32. Ke2 Kc5 33. f4 exf4 34. exf4 Re8+ 35. Kf2 d4 36. Re2 Ra8 37. Rc2 Rxa4 38. Ne5 Kxb5 39. Nf3 Kc5 40. g4 Kd5 41. gxf5 gxf5 42. Nh4 d3 43. Rc3 Kd4 44. Rc1 Ra2+ 45. Kg3 d2 46. Rd1 Ne3 47. Nf3+ Kc3 48. Rb1 d1Q 0-1

[Event "Wch Blitz (Women)"]
[Site "Almaty"]
[Date "2022.12.29"]
[Round "9"]
[White "Kim, Kristina"]
[Black "Samaganova, Alexandra"]
[Result "0-1"]
[WhiteElo "1869"]
[BlackElo "1864"]
[PlyCount "58"]
[EventDate "2022.12.29"]
[EventType "swiss (blitz)"]
[EventRounds "17"]
[EventCountry "KAZ"]
[SourceTitle "CBM 211 Extra"]
[Source "ChessBase"]
[SourceDate "2023.01.31"]
[SourceVersion "1"]
[SourceVersionDate "2023.01.31"]
[SourceQuality "1"]

1. d4 Nf6 2. Bf4 e6 3. e3 b6 4. Nf3 Bb7 5. c3 Be7 6. Nbd2 c5 7. Bd3 d5 8. Qe2 Nc6 9. Bg3 0-0 10. Ne5 Nd7 11. Rd1 f5 12. h4 Bf6 13. Ndf3 Rc8 14. h5 Ncxe5 15. dxe5 Be7 16. Bf4 Kh8 17. Bc2 c4 18. Nd4 Nc5 19. g4 Qd7 20. gxf5 exf5 21. e6 Nxe6 22. Bxf5 Rxf5 23. Nxf5 Nxf4 24. exf4 Bf6 25. Ne3 d4 26. cxd4 Bxh1 27. f3 Qh3 28. Kf2 Bh4+ 29. Kg1 Bxf3 0-1

[Event "Wch Blitz (Women)"]
[Site "Almaty"]
[Date "2022.12.29"]
[Round "8"]
[White "Madi, Aidana"]
[Black "Kim, Kristina"]
[Result "1/2-1/2"]
[WhiteElo "1561"]
[BlackElo "1869"]
[PlyCount "88"]
[EventDate "2022.12.29"]
[EventType "swiss (blitz)"]
[EventRounds "17"]
[EventCountry "KAZ"]
[SourceTitle "CBM 211 Extra"]
[Source "ChessBase"]
[SourceDate "2023.01.31"]
[SourceVersion "1"]
[SourceVersionDate "2023.01.31"]
[SourceQuality "1"]

1. e4 Nf6 2. e5 Nd5 3. d4 d6 4. c4 Nb6 5. f4 dxe5 6. fxe5 Bf5 7. Nf3 e6 8. Nc3 Nc6 9. Be3 Be7 10. Be2 0-0 11. 0-0 Qd7 12. Qd2 Rad8 13. Rad1 f6 14. exf6 Bxf6 15. c5 Nd5 16. Nxd5 exd5 17. Bd3 Bxd3 18. Qxd3 Rfe8 19. Bg5 Re4 20. Bxf6 gxf6 21. Rde1 Rde8 22. Qd2 Qg4 23. Rxe4 Rxe4 24. Re1 Kg7 25. h3 Rxe1+ 26. Qxe1 Qe4 27. Qg3+ Kh6 28. Qxc7 Nxd4 29. Nxd4 Qxd4+ 30. Kh2 Qe4 31. Qc8 d4 32. Qf8+ Kg6 33. Qg8+ Kh6 34. Qf8+ Kg6 35. Qg8+ Kh6 36. Qf8+ Kg6 37. Qg8+ Kh6 38. Qf8+ Kg6 39. Qg8+ Kh6 40. Qf8+ Kg6 41. Qg8+ Kh6 42. Qf8+ Kg6 43. Qg8+ Kh6 44. Qf8+ Kg6 1/2-1/2

[Event "Wch Rapid (Women)"]
[Site "Almaty"]
[Date "2022.12.27"]
[Round "7"]
[White "Borisova, Ekaterina"]
[Black "Kim, Kristina"]
[Result "1-0"]
[WhiteElo "2107"]
[BlackElo "1832"]
[PlyCount "65"]
[EventDate "2022.12.26"]
[EventType "swiss (rapid)"]
[EventRounds "11"]
[EventCountry "KAZ"]
[SourceTitle "CBM 211 Extra"]
[Source "ChessBase"]
[SourceDate "2023.01.31"]
[SourceVersion "1"]
[SourceVersionDate "2023.01.31"]
[SourceQuality "1"]

1. d4 f5 2. e4 fxe4 3. Nc3 Nf6 4. Bg5 g6 5. h4 d5 6. h5 Bg7 7. h6 Bf8 8. f3 Qd6 9. Nge2 exf3 10. gxf3 c6 11. Qd2 Nbd7 12. Bh3 Nb6 13. Bxc8 Rxc8 14. b3 a5 15. Qe3 Nh5 16. 0-0-0 a4 17. Kb1 axb3 18. cxb3 Ra8 19. f4 Qb4 20. f5 Nc4 21. Qc1 e6 22. fxe6 Bd6 23. Rdf1 Na3+ 24. Ka1 Nb5 25. Nxb5 Qxb5 26. Qc2 Qb4 27. Rh3 Rf8 28. Rxf8+ Bxf8 29. e7 Qe1+ 30. Kb2 Bxh6 31. Bxh6 Nf6 32. Rf3 Nd7 33. Rf8+ 1-0

[Event "Wch Rapid (Women)"]
[Site "Almaty"]
[Date "2022.12.27"]
[Round "5"]
[White "Mikhaylova, Irina"]
[Black "Kim, Kristina"]
[Result "1/2-1/2"]
[WhiteElo "2064"]
[BlackElo "1832"]
[PlyCount "105"]
[EventDate "2022.12.26"]
[EventType "swiss (rapid)"]
[EventRounds "11"]
[EventCountry "KAZ"]
[SourceTitle "CBM 211 Extra"]
[Source "ChessBase"]
[SourceDate "2023.01.31"]
[SourceVersion "1"]
[SourceVersionDate "2023.01.31"]
[SourceQuality "1"]

1. d4 f5 2. Nf3 Nf6 3. g3 g6 4. Bg2 Bg7 5. 0-0 d6 6. b3 0-0 7. Bb2 c6 8. c4 e5 9. dxe5 Ng4 10. Nc3 dxe5 11. h3 Nh6 12. Qxd8 Rxd8 13. Rad1 Re8 14. e4 Na6 15. Ba3 Nf7 16. Rfe1 f4 17. Na4 g5 18. g4 h5 19. Nh2 hxg4 20. Nxg4 Bxg4 21. hxg4 Rad8 22. Bf3 Bf8 23. Bxf8 Kxf8 24. Rxd8 Rxd8 25. Rd1 Rd4 26. Kf1 Ke7 27. Ke2 b6 28. Rd2 Nc7 29. Kd1 Ne6 30. Nc3 Rxd2+ 31. Kxd2 Nd4 32. Bd1 Nd8 33. Nb1 N8e6 34. f3 Nf8 35. Kc3 Ng6 36. Nd2 Nh4 37. b4 Kd6 38. a3 Ke6 39. Kd3 Ng2 40. Kc3 Ne1 41. c5 bxc5 42. bxc5 Kf6 43. Kb4 Nd3+ 44. Kc3 Nxc5 45. Kc4 Nce6 46. Ba4 Ke7 47. Kb4 Kd6 48. Nc4+ Kc7 49. Nxe5 Kb6 50. Bd1 a5+ 51. Kc4 Nb5 52. a4 Nd6+ 53. Kc3 1/2-1/2

[Event "Titled Tuesday intern op 10th Nov"]
[Site "Chess.com INT"]
[Date "2020.11.10"]
[Round "3"]
[White "Kim, Kristina"]
[Black "Vivas Zamora, Fabian Ernesto"]
[Result "0-1"]
[WhiteElo "2019"]
[BlackElo "2344"]
[PlyCount "180"]
[EventDate "2020.11.10"]
[EventType "swiss (blitz)"]
[EventRounds "11"]
[EventCountry "USA"]
[SourceTitle "CBM 199 Extra"]
[Source "ChessBase"]
[SourceDate "2021.01.31"]
[SourceVersion "1"]
[SourceVersionDate "2021.01.31"]
[SourceQuality "1"]

1. d4 Nf6 2. c4 g6 3. Nc3 d5 4. cxd5 Nxd5 5. e4 Nxc3 6. bxc3 Bg7 7. Nf3 c5 8. Rb1 0-0 9. Be3 Qa5 10. Qd2 a6 11. Be2 Nc6 12. 0-0 cxd4 13. Nxd4 Rd8 14. Nxc6 bxc6 15. Qc2 Qxc3 16. Qa4 Be6 17. Rfc1 Qe5 18. Rc5 Qd6 19. Rxc6 Qd7 20. Rbc1 a5 21. h3 Qe8 22. Qc2 Bd7 23. Rc7 Ba4 24. Qc5 Bf8 25. Qb6 Rdb8 26. Qc5 Qd8 27. Bf3 Ra6 28. Qc4 Bb5 29. Qc3 Bg7 30. Qd2 Rd6 31. Qc2 Bd3 32. Qc3 Bxc3 33. R1xc3 Rdb6 34. Bxb6 Qd6 35. Rc8+ Rxc8 36. Rxc8+ Kg7 37. Be3 f6 38. Rc1 Qe5 39. g3 Bxe4 40. Be2 Bd5 41. Bc4 Qc7 42. Bxd5 Qe5 43. Bb3 Qe4 44. Bc2 Qc4 45. Bd1 Qd3 46. Bb3 Qe2 47. Bc4 Qb2 48. Kg2 Qa3 49. Bb3 a4 50. Be6 Qb4 51. Bc4 Qd6 52. Kg1 h5 53. h4 a3 54. Rc3 Qb4 55. Rc1 Qb2 56. Bb3 g5 57. Rc2 Qb1+ 58. Kg2 Qb2 59. Rc7 Qe5 60. Rc5 Qe4+ 61. Kh2 gxh4 62. gxh4 Qxh4+ 63. Kg2 Qg4+ 64. Kf1 h4 65. Rc4 Qh3+ 66. Kg1 e5 67. Rc7+ Kg6 68. Bc2+ f5 69. Rc6+ Kf7 70. Bb3+ Ke7 71. Bg5+ Kd7 72. Re6 Qg4+ 73. Kh2 Qxg5 74. Ra6 Qf4+ 75. Kg2 Qg4+ 76. Kf1 h3 77. Ra7+ Kc6 78. Rh7 Qf3 79. Rh6+ Kc5 80. Rh4 Qg2+ 81. Ke2 h2 82. Rc4+ Kb5 83. Rh4 h1Q 84. Bc4+ Kc5 85. Bd5 Qhh2 86. Rc4+ Kxd5 87. Ra4 Qe4+ 88. Kf1 Qxa4 89. Ke2 Qc2+ 90. Kf1 Qhxf2# 0-1

[Event "Titled Tuesday intern op 03rd Nov"]
[Site "Chess.com INT"]
[Date "2020.11.03"]
[Round "7"]
[White "Zavivaeva, Evelina"]
[Black "Kim, Kristina"]
[Result "0-1"]
[WhiteElo "1589"]
[BlackElo "2019"]
[PlyCount "86"]
[EventDate "2020.11.03"]
[EventType "swiss (blitz)"]
[EventRounds "11"]
[EventCountry "USA"]
[SourceTitle "CBM 199 Extra"]
[Source "ChessBase"]
[SourceDate "2021.01.31"]
[SourceVersion "1"]
[SourceVersionDate "2021.01.31"]
[SourceQuality "1"]

1. e4 c5 2. c3 d5 3. exd5 Qxd5 4. d4 g6 5. Nf3 Nc6 6. Bb5 Bd7 7. Be2 Bg7 8. Be3 cxd4 9. Bxd4 Nxd4 10. cxd4 Nf6 11. Nc3 Qa5 12. 0-0 0-0 13. Ne5 Be6 14. Nc4 Qb4 15. Qb3 Qxb3 16. axb3 Rfd8 17. Rfd1 Nd5 18. Bf3 Rac8 19. Nxd5 Bxd5 20. Rxa7 Bxf3 21. gxf3 Bxd4 22. Raa1 b5 23. Ne3 Bxb2 24. Rxd8+ Rxd8 25. Ra5 b4 26. Rb5 Bc3 27. Nc4 Rd1+ 28. Kg2 Rb1 29. Rb8+ Kg7 30. Ne3 Rxb3 31. Nd5 Bf6 32. Nxf6 Kxf6 33. Rb6+ e6 34. Kf1 Rb1+ 35. Ke2 b3 36. Kd3 Rb2 37. Kc3 Rxf2 38. Rxb3 Rxf3+ 39. Kb4 Rxb3+ 40. Kxb3 Kg5 41. Kc3 Kh4 42. Kd3 Kh3 43. Ke2 Kxh2 0-1

[Event "Aktogay Masters"]
[Site "Aktogay"]
[Date "2019.05.16"]
[Round "8"]
[White "Kim, Kristina"]
[Black "Bekturov, Tamerlan"]
[Result "0-1"]
[WhiteElo "1916"]
[BlackElo "2241"]
[PlyCount "100"]
[EventDate "2019.05.11"]
[EventType "tourn"]
[EventRounds "9"]
[EventCountry "KAZ"]
[EventCategory "1"]
[SourceTitle "CBM 190 Extra"]
[Source "ChessBase"]
[SourceDate "2019.07.15"]
[SourceVersion "1"]
[SourceVersionDate "2019.07.15"]
[SourceQuality "1"]

1. d4 Nf6 2. Bf4 d5 3. e3 c5 4. c3 Nc6 5. Nd2 Qb6 6. Qb3 c4 7. Qxb6 axb6 8. a3 b5 9. Rd1 Bf5 10. Ngf3 h6 11. h3 e6 12. Be2 Nd7 13. Ne5 Nb6 14. Ndf3 Na5 15. b4 Nb3 16. Nd2 Bc2 17. Nxb3 Bxd1 18. Kxd1 cxb3 19. Bxb5+ Ke7 20. Kd2 Rxa3 21. Bg3 g6 22. c4 dxc4 23. Nxc4 Nxc4+ 24. Bxc4 Bg7 25. Rb1 Ra2+ 26. Kd3 Ra4 27. Rxb3 Rha8 28. Bb5 Ra3 29. Rxa3 Rxa3+ 30. Kc4 Bf8 31. e4 Ra1 32. Kc5 Kd8+ 33. Kb6 Bxb4 34. d5 exd5 35. exd5 Rd1 36. Bc4 Ke7 37. Kxb7 Bd6 38. Kc6 Bxg3 39. fxg3 f6 40. g4 Rd2 41. Kc5 Rxg2 42. d6+ Kd7 43. Bb5+ Ke6 44. Bc4+ Kd7 45. Bb5+ Kd8 46. Kd5 Rb2 47. Bc6 Re2 48. Bb5 Re5+ 49. Kc6 f5 50. Bd3 Re3 0-1

[Event "Aktogay Masters"]
[Site "Aktogay"]
[Date "2019.05.14"]
[Round "6"]
[White "Kim, Kristina"]
[Black "Sukhov, Artur"]
[Result "1/2-1/2"]
[WhiteElo "1916"]
[BlackElo "2110"]
[PlyCount "112"]
[EventDate "2019.05.11"]
[EventType "tourn"]
[EventRounds "9"]
[EventCountry "KAZ"]
[EventCategory "1"]
[SourceTitle "CBM 190 Extra"]
[Source "ChessBase"]
[SourceDate "2019.07.15"]
[SourceVersion "1"]
[SourceVersionDate "2019.07.15"]
[SourceQuality "1"]

1. d4 Nf6 2. Bf4 d5 3. e3 e6 4. Nf3 Bd6 5. Bg3 0-0 6. Bd3 c5 7. c3 Nc6 8. Nbd2 h6 9. Qe2 cxd4 10. exd4 Qc7 11. Ne5 Nd7 12. f4 Re8 13. 0-0 f6 14. Qh5 Re7 15. Ng6 Rf7 16. Rae1 Nf8 17. Nxf8 Rxf8 18. Qg6 f5 19. Re2 Bd7 20. Qh5 Rae8 21. Nb3 Na5 22. Nxa5 Qxa5 23. a3 Qc7 24. Qf3 b5 25. Be1 a5 26. Bd2 Qb6 27. g4 fxg4 28. Qxg4 Rf6 29. Rg2 Re7 30. Qh4 Kf8 31. Kh1 Ref7 32. Bg6 Rxg6 33. Rxg6 Be7 34. Qe1 Bf6 35. Rfg1 b4 36. axb4 axb4 37. Qe2 Bb5 38. Qe3 Qa6 39. R6g3 Bh4 40. Rh3 g5 41. f5 exf5 42. c4 dxc4 43. Bxb4+ Kg8 44. d5 Kh7 45. Bc3 Qa8 46. Qe5 Qe8 47. Re3 Qxe5 48. Rxe5 g4 49. Rf1 f4 50. Re4 Bg5 51. h4 gxh3 52. Kh2 Bd7 53. Bd2 Bf5 54. Rxc4 Bd3 55. Rcxf4 Bxf4+ 56. Rxf4 Rxf4 1/2-1/2

[Event "World Amateur-ch U2000"]
[Site "Cagliari"]
[Date "2018.04.29"]
[Round "9"]
[White "Kim, Kristina"]
[Black "Sahinoz, Giulio O"]
[Result "1-0"]
[WhiteElo "1883"]
[BlackElo "1757"]
[PlyCount "139"]
[EventDate "2018.04.22"]
[EventType "swiss"]
[EventRounds "9"]
[EventCountry "ITA"]
[SourceTitle "CBM 184 Extra"]
[Source "ChessBase"]
[SourceDate "2018.06.28"]
[SourceVersion "1"]
[SourceVersionDate "2018.06.28"]
[SourceQuality "1"]

1. Nf3 Nf6 2. d4 e6 3. Bf4 c5 4. e3 d5 5. c3 Nc6 6. Nbd2 Bd6 7. Bg3 0-0 8. Bb5 Ne7 9. Bxd6 Qxd6 10. Ne5 b6 11. 0-0 Bb7 12. f4 Nf5 13. Qe2 Qc7 14. g4 Nd6 15. Bd3 Nfe4 16. Rac1 f6 17. Nef3 c4 18. Bb1 Qf7 19. Qg2 Kh8 20. Qh3 Rg8 21. Rce1 g5 22. fxg5 Nxg5 23. Nxg5 Rxg5 24. Rxf6 Rxg4+ 25. Kh1 Qg7 26. Qh6 Rg8 27. Qxg7+ R8xg7 28. Rxe6 Rg2 29. Rd1 Nc8 30. Re8+ Rg8 31. Rxg8+ Rxg8 32. Rf1 Nd6 33. Rf6 Rd8 34. Rh6 Rd7 35. Bxh7 Rxh7 36. Rxd6 Re7 37. Nf1 Kg8 38. h4 Kf8 39. h5 Rh7 40. Ng3 Ke7 41. Nf5+ Ke8 42. h6 Bc8 43. Rxd5 Bxf5 44. Rxf5 Rxh6+ 45. Kg2 Rg6+ 46. Kf2 Rh6 47. Ke2 Ke7 48. Rf2 Ke6 49. e4 Rh3 50. Kd2 Rd3+ 51. Kc2 Rh3 52. b3 b5 53. a4 cxb3+ 54. Kxb3 bxa4+ 55. Kc4 Rh8 56. Rg2 Rc8+ 57. Kd3 a5 58. Ra2 Ra8 59. Rxa4 Kd7 60. c4 Kd6 61. c5+ Kc6 62. Kc4 Re8 63. d5+ Kc7 64. Kd4 Ra8 65. e5 Ra7 66. e6 Kd8 67. d6 Ke8 68. c6 Kd8 69. Kd5 Kc8 70. Rh4 1-0

[Event "World Amateur-ch U2000"]
[Site "Cagliari"]
[Date "2018.04.25"]
[Round "5"]
[White "Kim, Kristina"]
[Black "Nagy, Laszlo3333"]
[Result "1/2-1/2"]
[WhiteElo "1883"]
[BlackElo "1958"]
[PlyCount "82"]
[EventDate "2018.04.22"]
[EventType "swiss"]
[EventRounds "9"]
[EventCountry "ITA"]
[SourceTitle "CBM 184 Extra"]
[Source "ChessBase"]
[SourceDate "2018.06.28"]
[SourceVersion "1"]
[SourceVersionDate "2018.06.28"]
[SourceQuality "1"]

1. d4 Nf6 2. Nf3 g6 3. Bf4 Bg7 4. h3 d6 5. e3 0-0 6. Be2 b6 7. 0-0 Bb7 8. c4 Ne4 9. Qc2 Nd7 10. Rd1 e6 11. a4 a5 12. Nc3 Nxc3 13. Qxc3 Qe7 14. b4 e5 15. Bh2 exd4 16. exd4 axb4 17. Qd2 Rfe8 18. Ra2 b3 19. Rb2 Rxa4 20. Bf1 Bxf3 21. gxf3 c5 22. Rxb3 Bxd4 23. Rbb1 Qf6 24. Qf4 Qxf4 25. Bxf4 Re6 26. h4 Ra2 27. Bg3 f5 28. h5 Kf7 29. Bg2 Ra6 30. f4 Nf6 31. hxg6+ Kxg6 32. Bb7 Ra2 33. Rxb6 Rb2 34. Rxb2 Bxb2 35. Bh4 Ne4 36. Bd5 Re8 37. Bxe4 Rxe4 38. Rxd6+ Kg7 39. Rd7+ Kg6 40. Rd6+ Kf7 41. Rd7+ Kg6 1/2-1/2

[Event "World Amateur-ch U2000"]
[Site "Cagliari"]
[Date "2018.04.22"]
[Round "1"]
[White "Minelli, Fausto"]
[Black "Kim, Kristina"]
[Result "1-0"]
[WhiteElo "1730"]
[BlackElo "1883"]
[PlyCount "69"]
[EventDate "2018.04.22"]
[EventType "swiss"]
[EventRounds "9"]
[EventCountry "ITA"]
[SourceTitle "CBM 184 Extra"]
[Source "ChessBase"]
[SourceDate "2018.06.28"]
[SourceVersion "1"]
[SourceVersionDate "2018.06.28"]
[SourceQuality "1"]

1. Nf3 d5 2. g3 c5 3. Bg2 Nc6 4. d4 cxd4 5. Nxd4 e5 6. Nxc6 bxc6 7. 0-0 Nf6 8. c4 Be7 9. Nc3 Bb7 10. cxd5 cxd5 11. Qa4+ Kf8 12. Rd1 h6 13. Nxd5 Nxd5 14. e4 Qb6 15. exd5 Bc5 16. Be3 Bxe3 17. fxe3 Qxe3+ 18. Kh1 Qb6 19. Rac1 Rd8 20. Qa3+ Ke8 21. Rc3 h5 22. Rb3 Qa6 23. Qb4 Rd7 24. Ra3 Qb6 25. Qc3 f6 26. Rb3 Qa6 27. Rxb7 Qxb7 28. d6 e4 29. Bh3 Rd8 30. Qc5 h4 31. Be6 Rb8 32. Rc1 e3+ 33. Bd5 Qb6 34. Qc4 hxg3 35. Qe4+ 1-0

[Event "PRO League Stage"]
[Site "Chess.com INT"]
[Date "2017.02.22"]
[Round "7"]
[White "Pon, Matt"]
[Black "Kim, Kristina"]
[Result "1-0"]
[WhiteElo "2165"]
[BlackElo "1875"]
[PlyCount "65"]
[EventDate "2017.01.11"]
[EventType "team-swiss (rapid)"]
[EventRounds "7"]
[EventCountry "USA"]
[SourceTitle "EXT 2018"]
[Source "ChessBase"]
[SourceDate "2017.10.13"]
[SourceVersion "1"]
[SourceVersionDate "2017.10.13"]
[SourceQuality "1"]
[WhiteTeam "Johannesburg Koeksisters"]
[BlackTeam "Shymkent Nomads"]
[WhiteTeamCountry "RSA"]
[BlackTeamCountry "KAZ"]

1. e4 e5 2. Nf3 Nc6 3. Bb5 Nf6 4. d3 Bc5 5. 0-0 d6 6. c3 0-0 7. Nbd2 h6 8. h3 a6 9. Ba4 b5 10. Bb3 Bb6 11. Re1 Ne7 12. Nf1 c5 13. Ng3 Qc7 14. Qe2 Ng6 15. Nh2 Re8 16. a4 Bd7 17. Nh5 Nxh5 18. Qxh5 Qd8 19. Qxg6 Be6 20. Bxe6 Rxe6 21. Qh5 Rb8 22. axb5 axb5 23. Be3 Bc7 24. Ra7 Rf6 25. Ng4 Rg6 26. Rea1 Bb6 27. R7a6 Bc7 28. Qf5 b4 29. c4 Qe8 30. Bd2 Qd8 31. Ne3 Rf6 32. Qh5 Qf8 33. Nd5 1-0

[Event "PRO League Stage"]
[Site "Chess.com INT"]
[Date "2017.02.15"]
[Round "6"]
[White "Kim, Kristina"]
[Black "Kozak, Adam"]
[Result "0-1"]
[WhiteElo "1875"]
[BlackElo "2338"]
[PlyCount "86"]
[EventDate "2017.01.11"]
[EventType "team-swiss (rapid)"]
[EventRounds "7"]
[EventCountry "USA"]
[SourceTitle "CBM 176 Extra"]
[Source "ChessBase"]
[SourceDate "2017.03.02"]
[SourceVersion "1"]
[SourceVersionDate "2017.03.02"]
[SourceQuality "1"]
[WhiteTeam "Shymkent Nomads"]
[BlackTeam "Budapest Gambit"]
[WhiteTeamCountry "KAZ"]
[BlackTeamCountry "HUN"]

1. d4 d5 2. c4 e6 3. Nc3 c6 4. Nf3 Nf6 5. e3 Nbd7 6. Qc2 Bd6 7. Bd3 dxc4 8. Bxc4 b5 9. Be2 0-0 10. 0-0 Bb7 11. Rd1 Qb8 12. e4 e5 13. g3 Re8 14. dxe5 Nxe5 15. Bg5 Nxf3+ 16. Bxf3 Be5 17. Bg2 h6 18. Be3 a6 19. Bc5 Qc7 20. Rac1 Rad8 21. Rxd8 Rxd8 22. b4 Nd7 23. Be3 Qd6 24. a3 a5 25. Rd1 Qf6 26. Rd3 axb4 27. axb4 Nf8 28. Ne2 Rxd3 29. Qxd3 Bd6 30. Bd4 Qe7 31. Qc3 Bxb4 32. Qb2 Ne6 33. Be3 Bd6 34. Nc1 b4 35. Nd3 Ba6 36. Ne5 Bb5 37. Bf1 Qf6 38. f4 Bxe5 39. Qxe5 Qxe5 40. fxe5 Bxf1 41. Kxf1 b3 42. Bc1 Nc5 43. Ke2 Na4 0-1